| 000 | 01214nam a22002777a 4500 | ||
|---|---|---|---|
| 005 | 20260423165740.0 | ||
| 008 | 260423b |||||||| |||| 00| 0 eng d | ||
| 020 | _a9789348002150 | ||
| 040 | _cAL | ||
| 041 | _aeng | ||
| 082 |
_a347 _bTANC |
||
| 100 |
_aTandon M P _9262530 |
||
| 245 | _aCode of civil procedure 1908 Ed 31 | ||
| 250 | _a31 | ||
| 260 |
_aHaryana _bAllahabad Law Agency _c2025 |
||
| 300 |
_alxviii,888p _bPB _c24x16cm |
||
| 365 |
_2Law _a1343 _b₹723.75 _c₹ _d₹965.00 _e25% |
||
| 520 | _aCode of Civil Procedure, 1908 by M.P. Tandon & S.K. Raghuvanshi, published by Allahabad Law Agency, is a comprehensive and authoritative guide for LLB & LLM students, Judiciary aspirants, advocates, and competitive exam candidates. This book provides detailed coverage of the Civil Procedure Code (CPC), procedural stages of civil litigation, and judicial interpretations, making it ideal... | ||
| 650 |
_aJurisdiction of the Courts _9262521 |
||
| 650 |
_aRes Sub Judice and Res Judicata _9262522 |
||
| 650 |
_aSupplemental Proceedings _9262523 |
||
| 650 |
_aRestitution _9262524 |
||
| 650 |
_aCivil Proceduce Amendment Act 2002 _9262527 |
||
| 700 |
_aRaghuvanshi, S K _9262525 |
||
| 942 |
_2ddc _cBK |
||
| 999 |
_c241340 _d241340 |
||